000 00397cam a2200169ua 4500
001 3950
008 111209n ii |||gr||||Z||||||asm
040 _cMAIN
082 _a782.25
245 1 1 _aPrachin kavya nidarshana
_cby
250 _a3rd.
260 _aGuwahati:
_bNew book Stall,963.
300 _a186p:
_c23cm.
653 _aAssamese poem
653 _aPrachin kavya nidarshana
942 _cBK
999 _c3772
_d3772